An introduction to Swaminarayan Hinduism

Enregistré dans:
Détails bibliographiques
Auteur principal: Williams, Raymond Brady
Format: Livre
Langue:Undetermined
Publié: Cambridge, U.K. Cambridge University Press 2001
Sujets:
Tags: Ajouter un tag
Pas de tags, Soyez le premier à ajouter un tag!
Thư viện lưu trữ: Trung tâm Học liệu Trường Đại học Cần Thơ
LEADER 00538nam a2200193Ia 4500
001 CTU_152282
008 210402s9999 xx 000 0 und d
020 |c 36.99 
082 |a 294.556 
082 |b W721 
100 |a Williams, Raymond Brady 
245 3 |a An introduction to Swaminarayan Hinduism 
245 0 |c Raymonond Brady Williams 
260 |a Cambridge, U.K. 
260 |b Cambridge University Press 
260 |c 2001 
650 |a Swami-Narayanis 
904 |i Pha 
980 |a Trung tâm Học liệu Trường Đại học Cần Thơ